Murals and graffiti (Record no. 408112)

MARC details
000 -LEADER
fixed length control field 00265nam a2200097Ia 4500
082 ## - DEWEY DECIMAL CLASSIFICATION NUMBER
Classification number J 751.73 MACL
008 - FIXED-LENGTH DATA ELEMENTS--GENERAL INFORMATION
fixed length control field 210817s9999 xx 000 0 und d
100 ## - MAIN ENTRY--PERSONAL NAME
Personal name Maclay-Mayers, Jean Cape Town, 2009
9 (RLIN) 96754
245 #0 - TITLE STATEMENT
Title Murals and graffiti
942 ## - ADDED ENTRY ELEMENTS
item type Books

No items available.